000 00250nam a2200097Ia 4500
001 1195388
005 20250827021746.0
008 250824s9999 xx 000 0 und d
245 0 _aGULYABANİ
_cHÜSEYİN RAHMİ GÜRPINAR
260 _bÖZGÜR YAYINLARI
999 _c1195388
_d1195388